Statistics for Countries Closer to Cyprus than Europe

Click here to take the quiz!

General Stats

  • This quiz has been taken 82 times
  • The average score is 6 of 6

Answer Stats

DistanceAnswer% Correct
69 kmTurkey
99%
227 kmIsrael
96%
161 kmLebanon
96%
101 kmSyria
95%
352 kmEgypt
94%
290 kmJordan
92%

Score Distribution

Percentile by Number Answered

Percent of People with Each Score

Your Score History

You have not taken this quiz